| 000 | 01342cam a22003734a 4500 | ||
|---|---|---|---|
| 001 | 15600155 | ||
| 003 | OSt | ||
| 005 | 20230822134041.0 | ||
| 008 | 090123s2009 enka b 001 0 eng | ||
| 010 | _a 2009921533 | ||
| 015 |
_aGBA908691 _2bnb |
||
| 016 | 7 |
_a014889719 _2Uk |
|
| 020 | _a9781848441866 (hbk.) | ||
| 020 | _a184844186X (hbk.) | ||
| 035 | _a(OCoLC)ocn300404167 | ||
| 040 |
_aUKM _cUKM _dYDXCP _dBWKUK _dBTCTA _dBWK _dCDX _dDLC |
||
| 042 |
_aukblcatcopy _alccopycat |
||
| 050 | 0 | 0 |
_aHC79.T4 _bC38 2009 |
| 082 | 0 | 4 |
_a338.064 _bPET/C |
| 245 | 0 | 0 |
_aCases in technological entrepreneurship : _bconverting ideas into value / _cedited by C. Petti. |
| 260 |
_aCheltenham, Uk ; _aNorthampton, MA : _bEdward Elgar, _cc2009. |
||
| 300 |
_axxii, 156 p. : _bill. ; _c24 cm. |
||
| 504 | _aIncludes bibliographical references and index. | ||
| 650 | 0 | _aEntrepreneurship. | |
| 650 | 0 |
_aTechnological innovations _xEconomic aspects. |
|
| 650 | 0 |
_aTechnological innovations _zEurope. |
|
| 650 | 0 |
_aTechnological innovations _zUnited States. |
|
| 650 | 0 |
_aEntrepreneurship _zEurope. |
|
| 650 | 0 |
_aEntrepreneurship _zUnited States. |
|
| 700 | 1 | _aPetti, Claudio. | |
| 906 |
_a7 _bcbc _ccopycat _d2 _encip _f20 _gy-gencatlg |
||
| 942 |
_2ddc _cBK _h338.064 _iPET/C _k338.064 _mPET/C |
||
| 999 |
_c41953 _d41953 |
||